Toma de posesión de Don Juan Antonio Samaranch en la presidencia de la Diputación
Publicado:
San Jorge, núm. 96 - 97 (juliol 1976), pàg 82 :
MARC
| LEADER | 00000nam a2200000Ia 4500 | ||
|---|---|---|---|
| 003 | Arxiu | ||
| 005 | 20260324180012.0 | ||
| 008 | 160829s9999 xx 000 0 cat d | ||
| 110 | 1 | |9 56097 |a Barcelona (Catalunya : Província). |b President (1973-1977 : Samaranch) | |
| 245 | |a Toma de posesión de Don Juan Antonio Samaranch en la presidencia de la Diputación | ||
| 260 | |a San Jorge, núm. 96 - 97 (juliol 1976), pàg 82 | ||
| 610 | 1 | 0 | |a Barcelona (Catalunya : Província). |b Diputació |x Presidents |9 52771 |
| 650 | |a Barcelona. Diputació |x Política i govern |x 1976 |9 43443 | ||
| 901 | |a Arxiu | ||
| 942 | |n 1 |2 udc | ||
| 952 | |0 0 |1 0 |4 0 |7 1 |9 51444 |a Arxiu |b Arxiu |d 2016-12-01 |l 0 |r 2016-12-01 00:00:00 |w 2016-12-01 |y ARXIU | ||
| 999 | |c 55288 |d 55288 | ||